000 00818nam a22002417a 4500
999 _c89704
_d89704
005 20230529150435.0
010 _aBAC-EN21 ENG-111653 ENG-137080
020 _a9789380816203
_c225.00
035 _aEN-95185 EN-120612
035 _aB-579136-153
035 _aB-667500
037 _bKBD/Ven
_adpl
037 _bDABD/PUB
082 _aN
100 _aBronte, Charlotte
245 _aJane Eyre /
_cby Charlotte Bronte
260 _aNoida
_bMaple Press
_c2014(repr.)
270 _aA-63, Sector-58,
_bNoida
_e201301
300 _a452p.
_c23cm(pbk)
942 _2ddc
_cEN
_mBRO
_hN